Partis politiques en France - Mort subite - Statistiques

Statistiques générales
  • Ce quiz a été pris 911 fois
  • Le résultat moyen est 10 sur 18
Answers on the Grid
Answers color-coded by a green-red scale on the quiz's grid according to % correct below.
Alliance centriste
Euskadi ta Askatasuna
Euskal Herria Bai
France en mouvement
Front de la Justice Sociale
Générations NC
Horizons
Identité-Libertés
L'Avenir français
La France insoumise
Le véritable centre
Les Centristes - Le Nouveau Centre
Les Écologistes
Les Écologistes chrétiens
Les Libéraux
Les nouveaux solidaires
Les Républicains
Mouvement Citoyen pour la France
Mouvement démocrate
Parti animaliste
Parti communiste français
Parti du peuple français
Parti radical
Parti socialiste
Rassemblement national
Reconquête
Union des démocrates et indépendants
 
Statistiques - réponses
Réponse % Correct
La France insoumise
88%
Rassemblement national
85%
Reconquête
84%
Horizons
83%
Les Écologistes
82%
Les Républicains
81%
Parti socialiste
80%
Parti communiste français
78%
Parti animaliste
75%
Union des démocrates et indépendants
51%
Mouvement démocrate
45%
Parti radical
44%
Les Centristes - Le Nouveau Centre
38%
Alliance centriste
30%
Identité-Libertés
29%
L'Avenir français
14%
Générations NC
11%
Euskal Herria Bai
8%
Aucun quiz correspondant
Distribution des résultats
% des personnes avec chaque résultat
Percentile par nombre de réponses
Votre historique - résultats
Vous n’avez pas pris ce quiz